[Event "1st Archibald 2019"]
[Site "Sochi"]
[Date "2019.05.14"]
[Round "3.1"]
[White "Kovalenko, Igor"]
[Black "Bogdanovich, Stanislav"]
[Result "1-0"]
[WhiteElo "2663"]
[BlackElo "2581"]
[Annotator "TA"]
[PlyCount "83"]
[EventDate "2019.05.12"]
[EventType "swiss"]
[EventCountry "RUS"]
[SourceTitle "playchess.com"]
[Source "ChessBase"]
[SourceQuality "1"]

{[%evp 9,83,6,20,20,28,21,21,22,35,28,61,58,59,14,56,54,59,50,131,120,120,120,118,106,129,116,121,126,126,134,161,139,129,139,129,111,127,110,114,110,108,102,132,130,135,118,133,93,138,132,138,127,143,143,152,143,133,84,371,366,510,508,29956,29958,29946,29948,5273,5261,29986,29987,29987,29987,29992,29989,29993,29994]} 1. d4 Nf6 2. Bg5 d5 3. e3 c5 4. c3 (4. Bxf6 gxf6 5. dxc5 e6 6. Nf3 Bxc5 7. Be2 O-O 8. O-O Nc6 9. c4 dxc4 10. Qa4 Nb4 11. Qb5 b6 12. Qxc4 f5 13. Rd1 Qf6 {½-½ (29) Shimanov,A (2613)-So,W (2762) chess.com INT 2019}) 4... Nc6 5. Nd2 e5 6. dxe5 {D00: 1 d4 d5: Unusual lines} Nxe5 7. Ngf3 Nc6 8. Qb3 $146 {The position is equal.} ({Predecessor:} 8. Bd3 Be7 9. Qc2 Be6 10. O-O h6 11. Bh4 O-O {1-0 (78) Laznicka,V (2654)-Ragger,M (2659) Novy Bor 2017}) 8... Be7 9. Rd1 O-O 10. Bxf6 $1 Bxf6 {[#]} 11. Ne4 $1 {[%mdl 576] Pin} Be7 (11... c4 $5 {[%cal Rc4b3]} 12. Qb5 Be6 $11) (11... dxe4 12. Rxd8) 12. Rxd5 Qc7 13. Qa4 a6 (13... Be6 $14 14. Rd2 a6) 14. Nxc5 $16 b6 15. Nb3 ({Not} 15. Nxa6 Bxa6 16. Bxa6 Nb8 $15) 15... b5 16. Qe4 Bb7 {and if ...Nb4 works, Black does fine.} 17. Rd2 Rad8 18. Qc2 Ne5 19. Be2 Bxf3 20. Bxf3 Nxf3+ 21. gxf3 Rxd2 22. Qxd2 Rd8 23. Nd4 b4 24. O-O ({Much weaker is} 24. cxb4 $6 Bxb4 25. Qxb4 Qc1+ 26. Ke2 Qxh1 $11) 24... Qa5 25. Qc2 bxc3 26. bxc3 Rc8 27. c4 g6 28. Rb1 Qc7 29. Qe4 {Black must now prevent Rb7.} Ba3 30. Qd3 Bd6 31. Kg2 Qa5 32. f4 Qxa2 33. Rb6 Bf8 $2 {[%mdl 8192]} (33... Be7 $16) 34. Nc6 $1 $18 {And now Qd7 would win.} Bc5 {[#]} 35. Rb7 $1 Rxc6 {[#]} (35... Qa4 $18) 36. Qd5 $1 {[%mdl 576] Double Attack} Re6 {[#]} 37. Rb8+ $1 Kg7 38. Qxc5 {Intending Qf8+ and mate.} Qa4 39. Qf8+ {White mates.} Kf6 40. Qd8+ Kg7 41. Qh8+ Kh6 42. Rg8 {Accuracy: White = 93%, Black = 44%.} 1-0

[Event "1st Archibald 2019"]
[Site "Sochi"]
[Date "2019.05.14"]
[Round "3.2"]
[White "Alekseev, Evgeny"]
[Black "Volkov, Sergey"]
[Result "1/2-1/2"]
[WhiteElo "2647"]
[BlackElo "2572"]
[Annotator "TA"]
[PlyCount "62"]
[EventDate "2019.05.12"]
[EventType "swiss"]
[EventCountry "RUS"]
[SourceTitle "playchess.com"]
[Source "ChessBase"]
[SourceQuality "1"]

{[%evp 27,62,13,59,63,56,7,18,9,10,18,31,32,39,0,0,0,20,13,6,0,8,0,7,0,0,8,8,0,0,-16,0,0,0,0,23,-22,0]} 1. c4 c6 2. e4 d5 3. exd5 Nf6 4. Nc3 cxd5 5. d4 Nc6 6. Nf3 Bg4 7. cxd5 Nxd5 8. Qb3 Bxf3 9. gxf3 e6 10. Qxb7 Nxd4 11. Bb5+ Nxb5 12. Qc6+ Ke7 13. Qxb5 Qd7 14. Nxd5+ exd5 15. Qd3 {B13: Caro-Kann: Exchange Variation and Panov-Botvinnik Attack} (15. Qb3 f6 16. Be3 Kf7 17. O-O-O Rd8 18. Rd3 Be7 19. Rhd1 Qe6 20. Kb1 a6 21. Rxd5 Rxd5 22. Qxd5 Rc8 23. Qxe6+ Kxe6 {½-½ (48) Turov,M (2575)-Goganov,A (2597) Finland 2019}) 15... f6 16. Bd2 $146 ({Predecessor:} 16. Be3 Kf7 17. O-O-O Rd8 18. Rhg1 g6 19. Rg4 Bg7 20. Rd4 Ke6 21. Kb1 f5 22. Qa6+ Qd6 {½-½ (38) Abhishek,D (2312)-Gomez Jurado,L (2235) Sabadell 2018}) 16... Kf7 17. O-O-O Bc5 18. Be3 Bxe3+ 19. fxe3 Rad8 20. Qb3 Qc6+ (20... Qe6 {looks sharper.} 21. e4 dxe4 22. Qb7+ Kg6 23. Rhg1+ Kh5) 21. Kb1 Qb6 22. Qxb6 axb6 $11 {[%mdl 4096] Endgame KRR-KRR} 23. Rd3 Rd6 24. Rhd1 Rhd8 25. a4 Ke6 26. Kc2 g5 27. Kb3 h5 28. h3 f5 29. Rd4 Rg8 30. Rg1 Rc6 31. Rgd1 Rd6 {Accuracy: White = 35%, Black = 55%.} 1/2-1/2

[Event "1st Archibald 2019"]
[Site "Sochi"]
[Date "2019.05.14"]
[Round "3.3"]
[White "Esipenko, Andrey"]
[Black "Gareyev, Timur"]
[Result "1/2-1/2"]
[WhiteElo "2620"]
[BlackElo "2570"]
[Annotator "RC"]
[PlyCount "93"]
[EventDate "2019.05.12"]
[EventType "swiss"]
[EventCountry "RUS"]
[SourceTitle "playchess.com"]
[Source "ChessBase"]
[SourceQuality "1"]
[TimeControl "5400+30"]

1. d4 {[%emt 0:00:00]} Nf6 {[%emt 0:03:24]} 2. Nf3 {[%emt 0:00:00]} e6 {[%emt 0:00:20]} 3. c4 {[%emt 0:00:00]} b6 {[%emt 0:00:42]} 4. a3 {[%emt 0:00:33]} Ba6 {[%emt 0:03:09]} 5. Qc2 {[%emt 0:00:10]} Bb7 {[%emt 0:00:47]} 6. Nc3 {[%emt 0:00:19]} c5 {[%emt 0:00:32]} 7. e4 {[%emt 0:02:15]} cxd4 {[%emt 0:00:00]} 8. Nxd4 {[%emt 0:00:04]} Bc5 {[%emt 0:05:11]} 9. Nb3 {[%emt 0:00:14]} Nc6 {[%emt 0:00:38]} 10. f3 {[%emt 0:00:22]} a6 {[%emt 0:12:36]} 11. Nxc5 {[%emt 0:01:53]} bxc5 {[%emt 0:00:05]} 12. Be3 {[%emt 0:00:25]} Nd4 {[%emt 0:00:32]} 13. Qf2 {[%emt 0:01:05]} e5 {[%emt 0:01:23]} 14. Bd3 {[%emt 0:01:24]} O-O {[%emt 0:07:32]} 15. b4 {[%emt 0:05:46]} d6 {[%emt 0:01:45]} 16. O-O {[%emt 0:02:04]} a5 {[%emt 0:10:44]} 17. bxc5 {[%emt 0:11:01]} dxc5 {[%emt 0:00:00]} 18. Nd5 {[%emt 0:09:10]} Nxd5 {[%emt 0:08:14]} 19. exd5 {[%emt 0:02:21]} Ba6 {[%emt 0:05:05]} 20. Rfe1 {[%emt 0:09:58]} Rb8 {[%emt 0:05:00]} 21. Rab1 {[%emt 0:03:59]} Rxb1 {[%emt 0:09:13]} 22. Rxb1 {[%emt 0:00:44]} Qf6 {[%emt 0:02:09]} 23. Qb2 {[%emt 0:06:15]} Bc8 {[%emt 0:02:13]} 24. Be4 {[%emt 0:13:15]} Qa6 {[%emt 0:02:21]} 25. Bxd4 {[%emt 0:11:53]} exd4 {[%emt 0:00:56]} 26. Qb5 {[%emt 0:00:21]} f5 {[%emt 0:08:27]} 27. Qxa6 {[%emt 0:01:41]} Bxa6 {[%emt 0:00:00]} 28. Bd3 {[%emt 0:00:40]} Rf6 {[%emt 0:01:04]} 29. Rb8+ {[%emt 0:01:28]} Kf7 {[%emt 0:00:57]} 30. f4 {[%emt 0:02:55]} g6 {[%emt 0:02:44]} 31. Kf2 {[%emt 0:00:27]} Ke7 {[%emt 0:00:35]} 32. Ke2 {[%emt 0:05:15]} Kd7 {[%emt 0:02:44]} 33. Kd2 {[%emt 0:00:55]} Kc7 {[%emt 0:01:01]} 34. Rh8 {[%emt 0:01:12]} Rf7 {[%emt 0:00:20]} 35. Ra8 {[%emt 0:00:56]} Kb6 {[%emt 0:01:20]} 36. Re8 {[%emt 0:00:18]} Rf6 {[%emt 0:01:04]} 37. Re7 {[%emt 0:00:35]} h5 {[%emt 0:00:11]} 38. g3 {[%emt 0:01:01]} Rd6 {[%emt 0:00:47]} 39. Rf7 {[%emt 0:02:46]} Bc8 {[%emt 0:01:19]} 40. Bc2 {[%emt 0:00:59]} Bd7 {[%emt 0:00:02]} 41. Rf8 {[%emt 0:00:19]} Kb7 {[%emt 0:00:49]} 42. Rd8 {[%emt 0:01:44]} Kc7 {[%emt 0:00:03]} 43. Ra8 {[%emt 0:00:05]} Kb6 {[%emt 0:00:02]} 44. Rb8+ {[%emt 0:01:51]} Kc7 {[%emt 0:00:42]} 45. Ra8 {[%emt 0:00:18]} Kb6 {[%emt 0:00:02]} 46. Rb8+ {[%emt 0:00:15]} Kc7 {[%emt 0:00:04]} 47. Ra8 {[%emt 0:00:06]} 1/2-1/2

[Event "1st Archibald 2019"]
[Site "Sochi"]
[Date "2019.05.14"]
[Round "3.6"]
[White "Korneev, Oleg"]
[Black "Rakhmanov, Aleksandr"]
[Result "1/2-1/2"]
[WhiteElo "2530"]
[BlackElo "2629"]
[Annotator "TA"]
[PlyCount "63"]
[EventDate "2019.05.12"]
[EventType "swiss"]
[EventCountry "RUS"]
[SourceTitle "playchess.com"]
[Source "ChessBase"]
[SourceQuality "1"]

{[%evp 9,63,14,9,0,0,0,0,5,8,8,15,5,15,0,14,-252,1,-46,-25,-18,-19,-45,-9,-51,-56,-76,-33,-39,-33,-31,-31,-31,-49,-52,-49,-49,-49,-53,-52,-68,-8,-9,-8,-101,-103,-139,-130,-125,-60,-113,-105,-75,-22,-21,0,0]} 1. e4 e5 2. Nf3 Nf6 3. d4 Nxe4 4. dxe5 d5 5. Nbd2 Nxd2 6. Qxd2 {C43: Petroff Defence: 3 d4} (6. Bxd2 Be7 7. Bd3 c5 8. c3 Nc6 9. O-O Bg4 10. Re1 Qd7 11. h3 Bh5 12. Bf4 Qe6 13. a3 O-O {0-1 (69) Grischuk,A (2767)-Caruana,F (2784) Berlin 2018}) 6... h6 7. Bb5+ c6 8. Bd3 c5 9. c3 Nc6 10. O-O Be6 11. Re1 g5 {And now ...g4 would win.} 12. Bb5 $146 {[%mdl 8192] [#]} (12. h3 $11 {and White stays safe.}) ({Predecessor:} 12. h3 Qc7 13. Qc2 Bg7 14. Be3 b6 {½-½ (24) Mazi,L (2402)-Pavasovic,D (2596) Bled 2003}) 12... Qd7 $2 (12... g4 $1 $19 13. Nd4 cxd4 14. cxd4 Rc8) 13. Qc2 a6 14. Bxc6 Qxc6 15. a3 a5 16. a4 Be7 17. Nd2 b6 18. Nf1 Qd7 19. Be3 h5 20. Rad1 h4 21. h3 g4 22. hxg4 Bxg4 23. f3 Be6 24. Bf4 Rd8 ({Black should try} 24... Qc6 $15) 25. b3 $11 d4 26. c4 (26. Nd2 $11) 26... Bf5 $17 27. Qf2 Rg8 {...Bh3 is the strong threat.} 28. Kh1 Bg6 (28... Rg6 $17 29. Qb2 Qc6) 29. Nd2 (29. e6 $15 fxe6 30. Qe2) 29... Qf5 30. Bh2 Bh5 (30... Kd7 $17) 31. Ne4 $11 Kf8 32. Rd2 {Accuracy: White = 47%, Black = 47%.} 1/2-1/2

[Event "1st Archibald 2019"]
[Site "Sochi"]
[Date "2019.05.14"]
[Round "3.7"]
[White "Lugovskoy, Maxim"]
[Black "Tsydypov, Zhamsaran"]
[Result "1/2-1/2"]
[WhiteElo "2445"]
[BlackElo "2546"]
[Annotator "TA"]
[PlyCount "55"]
[EventDate "2019.05.12"]
[EventType "swiss"]
[EventCountry "RUS"]
[SourceTitle "playchess.com"]
[Source "ChessBase"]
[SourceQuality "1"]

{[%evp 16,55,-1,-12,-5,-13,-15,-26,-10,-8,0,0,0,0,1,-4,0,0,10,10,22,29,42,-27,64,62,56,58,97,102,96,39,43,41,39,47,42,0,0,0,32,0]} 1. Nf3 c5 2. g3 Nc6 3. Bg2 g6 4. O-O Bg7 5. c3 e5 6. e4 d6 7. d3 Nf6 8. Re1 O-O 9. Na3 Re8 {A05: Réti Opening: 1 Nf3 Nf6} 10. Nc2 h6 11. b4 cxb4 $146 {Black has an edge.} ({Predecessor:} 11... d5 12. Bb2 cxb4 13. Nxb4 Nxb4 14. cxb4 d4 15. Qd2 Bd7 16. Rec1 Ba4 17. Bh3 {0-1 (38) Hagesaether,E (2140)-Guseinov,G (2645) Porticcio 2017}) 12. Nxb4 Bd7 13. Nxc6 Bxc6 14. c4 Nd7 15. Nd2 Nc5 16. Nb3 Ne6 17. Be3 a5 18. Rb1 f5 19. Nd2 (19. exf5 $14 gxf5 20. Nd2) 19... Qf6 (19... f4 $11 20. Bb6 Qf6) 20. exf5 $14 gxf5 21. Bd5 Kh8 22. Qh5 Rf8 23. Bxc6 (23. g4 $16) 23... bxc6 24. Rb7 Rab8 25. Rd7 Rbd8 $1 {[%cal Rd8d7]} 26. Rb7 Rb8 27. Rd7 Rbd8 $1 {[%cal Rd8d7]} 28. Rb7 {Accuracy: White = 46%, Black = 42%.} 1/2-1/2

[Event "1st Archibald 2019"]
[Site "Sochi"]
[Date "2019.05.14"]
[Round "3.8"]
[White "Zakaryan, David"]
[Black "Raja Harshit"]
[Result "0-1"]
[WhiteElo "2350"]
[BlackElo "2446"]
[Annotator "TA"]
[PlyCount "70"]
[EventDate "2019.05.12"]
[EventType "swiss"]
[EventCountry "RUS"]
[SourceTitle "playchess.com"]
[Source "ChessBase"]
[SourceQuality "1"]

{[%evp 14,70,-8,-8,0,14,0,-87,-72,-103,-109,-86,8,-62,-74,-66,-15,-23,-1,-19,0,-27,0,0,8,-17,0,0,96,-29,-42,-33,-44,-116,-112,-90,-99,-138,-100,-168,-125,-225,-210,-363,-356,-353,-322,-323,-339,-893,-774,-1077,-1050,-1052,-1033,-5689,-5406,-29985,-878]} 1. d4 d5 2. Nf3 Nf6 3. c4 c6 4. Nc3 e6 5. e3 Nbd7 6. Qc2 Bd6 7. g4 h6 8. Bd2 dxc4 {D45: Semi-Slav: 5 e3} 9. Bxc4 b5 10. Bd3 (10. Be2 $1 $11) (10. Be2 Bb7 11. Rg1 Rc8 12. h4 b4 13. Na4 c5 14. dxc5 Nxc5 15. Nxc5 Bxc5 16. Qa4+ {½-½ (49) Kempinski,R (2626)-Duda,J (2603) Wroclaw 2014}) 10... Bb7 $1 $17 {Black is better.} 11. g5 hxg5 12. Nxg5 Nd5 (12... b4 $17 13. Nce4 Nxe4 14. Nxe4 Be7) 13. Nge4 $146 ({Better is} 13. Nce4 $11 Be7 14. Rg1) ({Predecessor:} 13. Nce4 Be7 14. O-O-O Qb6 15. Rhg1 Rf8 16. Nh7 {1-0 (33) Tonel,G (2036)-Ljikar,T (1887) Rijeka 2014}) 13... Be7 $15 {...f5 is the strong threat.} 14. a3 e5 ({Black should try} 14... Kf8 $15) 15. Ng3 exd4 16. Nxd5 cxd5 17. exd4 Rc8 $36 {[%mdl 2048] Black has good play.} 18. Qd1 g6 19. Bxb5 Qb6 20. Qe2 {And now 0-0 would win.} Bc6 (20... Kd8 $11) 21. Bb4 (21. Rc1 $1 $16 {Strongly threatening 0-0.} Kf8 22. O-O) 21... O-O $11 22. Bxc6 Bxb4+ 23. Kf1 (23. axb4 $15 Rxc6 24. O-O) 23... Rxc6 $17 24. axb4 Qxd4 25. Rd1 Qxb4 26. Rxd5 (26. h4 $17) 26... Nf6 {[%cal Bd7f6,Bf6d5,Bd5f4,Bf4h3][%mdl 32]} 27. Rb5 (27. Re5 $17 {was necessary.}) 27... Qd4 $19 {aiming for ...Re8.} 28. Kg2 $2 (28. Qf3 Rc2 29. Kg2) 28... Nd5 {Hoping for ...Nf4+.} 29. Qe4 Nf4+ 30. Kf3 {[#]} Qd7 $1 31. Rg5 $2 (31. Qxf4 Qd3+ {[%mdl 64] Double Attack} 32. Kg2 Qxb5 33. Ra1) 31... Nh3 32. Rd5 Rf6+ 33. Ke3 Qc6 34. Nh5 Re6 35. Re5 Qxe4+ {Accuracy: White = 20%, Black = 52%.} (35... Qb6+ $142 36. Ke2 Qxb2+ {[%mdl 64] Double Attack} 37. Kf3 Rxe5 38. Nf6+ {[#]} Kg7 $1 {[%mdl 512]} 39. Nh5+ gxh5 40. Qh4 Ng5+ 41. Qxg5+ Rxg5 42. Re1 Rf5+ 43. Kg2 Qxf2+ {[%mdl 64] Double Attack} 44. Kh1 Qf3+ 45. Kg1 Rg5#) 0-1

[Event "1st Archibald 2019"]
[Site "Sochi"]
[Date "2019.05.14"]
[Round "3.9"]
[White "Solozhenkina, Elizaveta"]
[Black "Solozhenkin, Evgeniy"]
[Result "1/2-1/2"]
[WhiteElo "2329"]
[BlackElo "2441"]
[Annotator "TA"]
[PlyCount "64"]
[EventDate "2019.05.12"]
[EventType "swiss"]
[EventCountry "RUS"]
[SourceTitle "playchess.com"]
[Source "ChessBase"]
[SourceQuality "1"]

{[%evp 26,64,21,25,17,0,0,6,18,17,17,0,6,0,3,4,14,8,9,0,26,21,19,2,1,1,0,0,0,0,13,0,0,0,0,0,0,0,0,0,0]} 1. e4 c6 2. d4 d5 3. Nc3 dxe4 4. Nxe4 Bf5 5. Ng3 Bg6 6. h4 h6 7. Nf3 Nd7 8. h5 Bh7 9. Bd3 Bxd3 10. Qxd3 e6 11. Bd2 Ngf6 12. O-O-O Be7 13. Ne4 Nxe4 14. Qxe4 Nf6 {B19: Classical Caro-Kann: 4...Bf5 main line} 15. Qd3 (15. Qe2 Qd5 16. Kb1 Qe4 17. Qxe4 Nxe4 {½-½ (17) Bacallao Alonso,Y (2582)-Iturrizaga Bonelli,E (2628) Buenos Aires 2018}) 15... O-O 16. Kb1 Qd5 17. c4 Qe4 18. Be3 Qxd3+ 19. Rxd3 Rfd8 20. Ne5 Rac8 21. f3 Bd6 {[#] Threatens to win with ...Bxe5.} 22. Rd2 $146 ({Predecessor:} 22. f4 Bxe5 23. fxe5 {½-½ (34) Yee,F (2021)-Cupid,K (2135) Port of Spain 2018}) 22... b5 23. Rc2 a6 {The position is equal.} 24. g4 c5 25. b3 bxc4 26. Nxc4 cxd4 27. Bxd4 Bf4 28. Bb2 Nd5 29. Bc1 Kf8 30. Ba3+ Kg8 31. Bc1 Kf8 32. Ba3+ Kg8 {Accuracy: White = 64%, Black = 79%.} 1/2-1/2

[Event "1st Archibald 2019"]
[Site "Sochi"]
[Date "2019.05.14"]
[Round "3.10"]
[White "Oganian, Miran"]
[Black "Gharagyozyan, Artur"]
[Result "1-0"]
[WhiteElo "2415"]
[BlackElo "2321"]
[Annotator "TA"]
[PlyCount "159"]
[EventDate "2019.05.12"]
[EventType "swiss"]
[EventCountry "RUS"]
[SourceTitle "playchess.com"]
[Source "ChessBase"]
[SourceQuality "1"]

{[%evp 21,159,29,41,14,9,-14,73,75,133,134,129,133,194,172,165,59,81,70,69,70,61,8,16,26,27,23,68,65,65,68,75,70,58,66,90,52,53,45,91,91,122,72,177,166,206,138,112,104,108,100,95,89,94,95,98,93,97,127,96,92,95,66,146,71,56,55,149,113,116,91,78,88,68,17,37,34,37,31,483,482,29997,353,341,340,317,312,371,364,302,141,133,141,125,116,444,91,381,399,383,363,573,99,1112,682,680,545,536,479,1185,1193,1207,1199,1157,1141,899,696,1221,792,29963,29960,29960,636,29950,0,29950,29943,29976,596,29965,29965,29974,29975,29975,29976,29979,29979,29982,29984,29984,29985]} 1. d4 Nf6 2. Nf3 d5 3. c4 e6 4. Nc3 c6 5. e3 Nbd7 6. Qc2 Bd6 7. b3 O-O 8. Be2 dxc4 9. bxc4 e5 10. O-O Re8 11. Rd1 Qe7 12. c5 {D45: Semi-Slav: 5 e3} (12. Rb1 e4 13. Nd2 Nf8 14. c5 Bc7 15. Nc4 Ng4 16. g3 Nxh2 17. Qxe4 Qd8 18. Qh4 Qxh4 19. gxh4 Ng6 20. d5 Nxh4 21. d6 N2f3+ 22. Kh1 Bf5 23. dxc7 Bxb1 24. Nxb1 Rec8 25. Rd7 Kf8 26. Nd6 Ne5 27. Nxc8 Nxd7 {1-0 (27) Avrukh,B (2641)-Nepomniachtchi,I (2632) Netanya 2009}) 12... Bc7 13. Ba3 h5 $146 (13... exd4 $11 14. exd4 Nf8) ({Predecessor:} 13... e4 14. Nd2 Ba5 15. Nc4 Bxc3 16. Qxc3 Nd5 17. Qb3 N7f6 18. Nd6 Rd8 19. Rab1 Rd7 {1-0 (37) Stachowiak,K (2470)-Gasik,A (2212) Warsaw 2013}) 14. d5 $16 {White is better.} Nxc5 (14... Nxd5 $142 15. Nxd5 cxd5) 15. Na4 b6 16. Nxc5 Bd6 (16... bxc5 $16 {was necessary.} 17. Bxc5 (17. dxc6 Bb6 $16) 17... Qd7) 17. dxc6 $18 bxc5 18. Rac1 ({Better is} 18. Bc4 $18) 18... e4 $14 19. Nd2 {[%cal Ra3c5]} Qc7 $1 20. h3 $1 Qxc6 21. Bxc5 (21. Nb3 $14) 21... Bxc5 $11 22. Qxc5 Qxc5 23. Rxc5 Rd8 24. Nb3 ({But not} 24. Bxh5 $2 Nxh5 25. Rxh5 Ba6 $19) 24... Rxd1+ 25. Bxd1 g6 26. Nd4 Bd7 27. Ra5 Rc8 {And now ...Rc1 would win.} 28. Bb3 ({Don't blunder} 28. Rxa7 $2 Rc1 $19) 28... Rc7 29. Kh2 Kg7 30. Kg3 Nh7 31. Kf4 f5 (31... Nf6 $16) 32. Ke5 $1 $18 {[%cal Re5d6]} Bc8 33. Kd6 Rd7+ 34. Kc6 Nf6 35. Ne6+ Kh6 36. Nc5 Re7 37. Kd6 Rg7 38. Ba4 h4 39. Bc6 g5 40. Rb5 Ng8 41. Bd7 Rg6+ (41... Bxd7 $1 $14 42. Nxd7 Rg6+ 43. Ke5 Ra6) 42. Ke5 (42. Ne6 $142 Bxd7 43. Kxd7) 42... Bxd7 $16 43. Nxd7 {[%mdl 4096] Endgame KRN-KRN} Ne7 (43... Ra6 $1 $14) 44. Rb7 {aiming for Nf6.} Ra6 45. Nf6 Ra5+ 46. Ke6 Nc6 47. Rd7 (47. Rc7 $14 Nd8+ 48. Ke7) 47... Kg6 $1 $11 48. Nd5 Ra6 $1 49. Rd6 {Hoping for Ne7+.} Kh5 $2 {[%mdl 8192]} (49... Nd8+ $1 $14 50. Kd7+ Rxd6+ 51. Kxd6 Nf7+ 52. Ke7 Ne5) 50. Kf6 $1 $18 {[%cal Rf6g7] White wants to mate with Kg7.} Ra5 (50... Nb8 $18) 51. Rxc6 $2 (51. Kg7 {mates} g4 52. Nf4+ Kg5 53. Rg6#) 51... Rxd5 {KR-KR} 52. Rc8 {[%cal Rc8h8]} Rd6+ 53. Kxf5 {Rh8+ is the strong threat.} Rd5+ 54. Kxe4 Rd2 55. Kf3 (55. f4 $18 {and White stays clearly on top.}) 55... Rxa2 $16 56. g3 hxg3 57. Kxg3 a5 $2 {[%mdl 8192]} (57... Ra4 $16 {is a better chance.}) 58. Rh8+ $18 Kg6 59. h4 $1 gxh4+ 60. Rxh4 a4 (60... Ra3 {keeps fighting.} 61. Re4 Kf6) 61. Kf3 $2 (61. Rb4 $18 {is more deadly.} Kf7 62. f4) 61... a3 $2 {[%mdl 8192]} (61... Kf5 $16) 62. Ra4 Kf5 63. Ra5+ Ke6 64. e4 Kd6 (64... Kd7 $142 65. Ke3 Kd6) 65. Ke3 Kc6 66. f4 Rh2 67. Kd4 ({Weaker is} 67. Ra6+ Kb7 $16) 67... a2 68. f5 Kb6 69. Ra3 Rd2+ 70. Ke5 Rc2 71. Kf4 (71. Kf6 $142 Rc6+ 72. Kg5 Rc2 73. e5 Rc5 74. e6 Ra5 75. Rxa2 $3 {[%mdl 512]} Rxa2 76. e7) 71... Rf2+ 72. Ke5 Rc2 $1 {[#] intending ...Rc5+.} 73. Kf6 $1 Kb5 74. Kg5 (74. e5 $142 Kb4 75. Ra8 Rc8 76. Rxa2 Kb3 77. e6 Kxa2 78. e7 Kb2 79. Kf7) 74... Kb4 75. Ra8 {White mates.} Rg2+ 76. Kf6 Kb3 77. e5 Re2 78. e6 Kc4 79. e7 Kd5 {[#]} 80. Rxa2 $1 {[%mdl 576] Promotion. Accuracy: White = 57%, Black = 36%.} 1-0

[Event "1st Archibald 2019"]
[Site "Sochi"]
[Date "2019.05.14"]
[Round "3.11"]
[White "Makoveev, Ilya"]
[Black "Kovalchuk, Alexey"]
[Result "1/2-1/2"]
[WhiteElo "2290"]
[BlackElo "2410"]
[Annotator "RC"]
[PlyCount "78"]
[EventDate "2019.05.12"]
[EventType "swiss"]
[EventCountry "RUS"]
[SourceTitle "playchess.com"]
[Source "ChessBase"]
[SourceQuality "1"]
[TimeControl "5400+30"]

1. e4 {[%emt 0:00:00]} c5 {[%emt 0:07:31]} 2. Nf3 {[%emt 0:00:12]} d6 {[%emt 0:00:39]} 3. d4 {[%emt 0:00:29]} cxd4 {[%emt 0:00:00]} 4. Nxd4 {[%emt 0:00:12]} Nf6 {[%emt 0:00:20]} 5. Nc3 {[%emt 0:00:19]} a6 {[%emt 0:00:00]} 6. f3 {[%emt 0:00:41]} e5 {[%emt 0:00:14]} 7. Nb3 {[%emt 0:00:10]} Be6 {[%emt 0:00:29]} 8. Be3 {[%emt 0:00:18]} h5 {[%emt 0:00:00]} 9. Qd2 {[%emt 0:01:28]} Nbd7 {[%emt 0:00:55]} 10. O-O-O {[%emt 0:01:04]} Rc8 {[%emt 0:01:17]} 11. Kb1 {[%emt 0:02:07]} Be7 {[%emt 0:00:18]} 12. Bd3 {[%emt 0:03:17]} b5 {[%emt 0:01:31]} 13. h3 {[%emt 0:00:42]} Nb6 {[%emt 0:01:47]} 14. Qf2 {[%emt 0:23:33]} Nc4 {[%emt 0:10:12]} 15. Bxc4 {[%emt 0:04:05]} Rxc4 {[%emt 0:08:28]} 16. g4 {[%emt 0:02:46]} b4 {[%emt 0:04:31]} 17. Nd5 {[%emt 0:01:26]} Bxd5 {[%emt 0:08:28]} 18. exd5 {[%emt 0:00:12]} Qa8 {[%emt 0:00:41]} 19. Na5 {[%emt 0:09:25]} Rc8 {[%emt 0:00:54]} 20. Qd2 {[%emt 0:03:35]} hxg4 {[%emt 0:03:16]} 21. fxg4 {[%emt 0:00:22]} O-O {[%emt 0:00:23]} 22. g5 {[%emt 0:03:55]} Ne4 {[%emt 0:06:44]} 23. Qg2 {[%emt 0:04:25]} f5 {[%emt 0:04:07]} 24. gxf6 {[%emt 0:05:05]} Nxf6 {[%emt 0:01:05]} 25. Nc6 {[%emt 0:05:02]} Rf7 {[%emt 0:00:41]} 26. Rhf1 {[%emt 0:03:41]} Rc7 {[%emt 0:02:19]} 27. Rf5 {[%emt 0:09:50]} e4 {[%emt 0:14:55]} 28. Bd4 {[%emt 0:05:54]} Rxc6 {[%emt 0:05:09]} 29. dxc6 {[%emt 0:00:00]} Qxc6 {[%emt 0:00:10]} 30. Bxf6 {[%emt 0:05:06]} Bxf6 {[%emt 0:07:00]} 31. Rfd5 {[%emt 0:00:52]} Qe8 {[%emt 0:00:29]} 32. Qe2 {[%emt 0:05:35]} e3 {[%emt 0:02:28]} 33. R1d3 {[%emt 0:00:00]} Re7 {[%emt 0:02:10]} 34. Rxd6 {[%emt 0:00:05]} Re4 {[%emt 0:01:18]} 35. R6d5 {[%emt 0:01:16]} Qg6 {[%emt 0:01:14]} 36. Rd1 {[%emt 0:00:37]} Qe8 {[%emt 0:03:26]} 37. R1d3 {[%emt 0:00:31]} Qg6 {[%emt 0:00:21]} 38. Rd1 {[%emt 0:00:01]} Qe8 {[%emt 0:00:11]} 39. R1d3 {[%emt 0:00:49]} Qg6 {[%emt 0:00:10]} 1/2-1/2